| 000 | 00451nam a2200169Ia 4500 | ||
|---|---|---|---|
| 008 | 220531s9999 xx 000 0 und d | ||
| 041 | _amar | ||
| 100 |
_aकुलकर्णी शिल्पा _957419 |
||
| 245 | _aगुन्हा आणि समाज | ||
| 250 | _a1 | ||
| 260 |
_aPune _bDiamand _c2012 |
||
| 300 | _a203 | ||
| 542 | _d01-12-2012 | ||
| 650 |
_aSociology _957420 |
||
| 906 | _d2012-2013 | ||
| 999 |
_c33026 _d33026 |
||